E-learning není všelékem

Klady a zápory elektronického vzdelávania v praxi. Tvorba e-kurzu. Využívanie autoringových systémov pri príprave študijných materiálov.

Enregistré dans:
Détails bibliographiques
Auteur principal: Jeger, Dag
Format: Chapitre de livre
Langue:tchèque
Sujets:
Tags: Ajouter un tag
Pas de tags, Soyez le premier à ajouter un tag!

MARC

LEADER 00000naa$a2200000$$$4500
001 0068895
005 20231016105736.7
041 0 |a cze 
044 |a CZ 
245 1 0 |a E-learning není všelékem  |c Dag Jeger 
520 |a Klady a zápory elektronického vzdelávania v praxi. Tvorba e-kurzu. Využívanie autoringových systémov pri príprave študijných materiálov. 
610 2 0 |a vzdelávanie elektronické 
610 2 0 |a kvalifikácia 
610 2 0 |a odbornosť 
610 2 0 |a teória a prax 
610 2 0 |a efektívnosť 
610 2 0 |a testy didaktické 
100 1 |a Jeger, Dag